000 00302nam a22001337a 4500
008 170602b xxu||||| |||| 00| 0 eng d
020 _a9780073523972
041 _aeng
080 _26TH
_a94(100)
100 _a18
101 _aSHH
245 _aTHE HUMANISTIC TRADITION
_cFIERO,G.K
942 _2udc
_cBK
999 _c15825
_d15825